| 000 | 00646nam a2200193Ia 4500 | ||
|---|---|---|---|
| 003 | GCL | ||
| 008 | 140319s9999 xx 000 0 ara d | ||
| 040 |
_aGCL / _cGCL |
||
| 082 | 0 | 4 |
_a823.009 _bع د |
| 100 | 1 | _aمجموعة من النقاد | |
| 245 | 1 | 0 |
_aدراسات فى الرواية الامريكية المعاصرة / _cمجموعة من النقاد |
| 700 | 1 | _aعنيد ثنوان رستم (ترجمه) | |
| 300 | _a244 ص | ||
| 490 | _a | ||
| 650 | 0 | 4 | _aالعصر الحديث |
| 650 | 0 | 4 | _aالادب الامريكى - تاريخ ونقد |
| 650 | 0 | 4 | _aالقصة الامريكيه - تاريخ ونقد |
| 942 |
_2ddc _cBK |
||
| 999 |
_c39101 _d39101 |
||